[Event "Frankfurt-West Masters"]
[Site "Frankfurt"]
[Date "1999.07.02"]
[Round "11"]
[White "Polgar, Judit"]
[Black "Adams, Michael"]
[Result "1/2-1/2"]
[WhiteElo "2677"]
[BlackElo "2716"]

1.e4 e5 2.Nf3 Nc6 3.Bb5 a6 4.Ba4 Nf6 5.O-O Be7 6.Re1 b5 7.Bb3 O-O 8.h3 Bb7
9.d3 d6 10.a3 Na5 11.Ba2 c5 12.Nc3 Nc6 13.Bg5 h6 14.Bxf6 Bxf6 15.Bd5 Qd7
16.Nh2 Bd8 17.Ng4 Kh8 18.Ne3 Bg5 19.Qg4 Qxg4 20.hxg4 Rab8 21.Nf5 Nd4 22.Bxb7 Rxb7
23.Nxd4 cxd4 24.Nd5 g6 25.g3 f5 26.gxf5 gxf5 27.Kg2 f4 28.b4 Rg7 29.Rh1 Kg8
30.Rh3 fxg3 31.Rxg3 Kh7 32.Rh1 Rc8 33.a4 Rxc2 34.axb5 axb5 35.Ra1 Bh4 36.Rxg7+ Kxg7
37.Ra6 Rxf2+ 38.Kh3 Bg5 39.Kg4 Rg2+ 40.Kf5 Rf2+ 41.Kg4 Rg2+ 42.Kf5 Rf2+ 43.Kg4 Rg2+
44.Kf5  1/2-1/2

[Event "Bastia m"]
[Site "Bastia"]
[Date "1999.11.04"]
[Round "1"]
[White "Bacrot, Etienne"]
[Black "Polgar, Judit"]
[Result "1-0"]
[WhiteElo "2592"]
[BlackElo "2671"]

1.d4 Nf6 2.c4 g6 3.Nc3 Bg7 4.e4 d6 5.Nf3 O-O 6.Be2 e5 7.O-O Nc6 8.d5 Ne7
9.b4 a5 10.Ba3 Nd7 11.bxa5 Rxa5 12.Bb4 Ra8 13.a4 Bh6 14.a5 f5 15.Nd2 Kh8
16.Bd3 Nb8 17.c5 Na6 18.Bxa6 Rxa6 19.Nc4 dxc5 20.Bxc5 Bg7 21.f3 Re8 22.d6 Ng8
23.Nb5 Rc6 24.dxc7 Qxd1 25.Rfxd1 Rxc5 26.Ncd6 Rf8 27.Nxc8 Rxc8 28.Rac1 Rxb5
29.Rd8 Rxc7 30.Rxc7 Bf6 31.Rb8 Rxa5 32.Rcc8 Ra1+ 33.Kf2 Ra2+ 34.Kg3 Kg7 35.Rxg8+ Kh6
36.exf5 e4 37.Rbe8 exf3 38.gxf3 Ra1 39.Re6 Kg5 40.fxg6 hxg6 41.Re4 Kh6 42.Rge8 Rg1+
43.Kf2 Rb1 44.R8e6 Kg5 45.h4+ Kf5 46.Re8 b5 47.Rf8 b4 48.Rc4 Ke5 49.Re4+ Kf5
50.Rc4 Ke5 51.Rb8 b3 52.Rcb4 b2 53.Rxb2 Bxh4+ 54.Kg2 Rd1 55.R8b6 g5 56.R2b5+ Kf4
57.Rf6+ Ke3 58.Re5+ Kd4 59.Re4+ Kd5 60.Rf8 Ra1 61.Rd8+ Kc5 62.Rd2 Ra3 63.Rc2+ Kd5
64.Rd2+ Kc5 65.Rg4 Kc6 66.Rc4+ Kb5 67.Rdc2 Re3 68.R4c3 Re5 69.Rb3+ Ka4 70.Rb7 Ka3
71.Rcb2 Ra5 72.R7b3+ Ka4 73.Rb1 Be1 74.R3b2 Ka3 75.Rb5 Rxb5 76.Rxb5 Bd2 77.Kg3 Ka4
78.Rb7 Bf4+ 79.Kg4 Ka5 80.Rg7 Bd2 81.Rxg5+ Kb6 82.Rd5 Bc1 83.Rd1  1-0

[Event "Eu Team Ch"]
[Site "Batumi GEO"]
[Date "1999.12.06"]
[Round "7"]
[White "Polgar,Ju"]
[Black "Onischuk,Al"]
[Result "1/2-1/2"]
[WhiteElo "2671"]
[BlackElo "2657"]

1.e4 e5 2.Nf3 Nc6 3.Bb5 a6 4.Ba4 Nf6 5.O-O Be7 6.Re1 b5 7.Bb3 O-O 8.c3 d5
9.exd5 Nxd5 10.Nxe5 Nxe5 11.Rxe5 c6 12.d4 Bd6 13.Re1 Qh4 14.g3 Qh3 15.Re4 g5
16.Qe2 Nf6 17.Nd2 Bf5 18.f3 Nxe4  1/2-1/2

[Event "Eu Team Ch"]
[Site "Batumi GEO"]
[Date "1999.12.07"]
[Round "8"]
[White "Georgiev,Ki"]
[Black "Polgar,Ju"]
[Result "1/2-1/2"]
[WhiteElo "2650"]
[BlackElo "2671"]

1.d4 Nf6 2.c4 e6 3.Nc3 Bb4 4.Qc2 O-O 5.a3 Bxc3+ 6.Qxc3 b6 7.Bg5 Ba6 8.e3 d6
9.Bd3 Nbd7 10.Ne2 c5 11.Qb3 Rc8 12.Qa4 Bb7 13.O-O Qc7 14.Nc3 a6 15.Rac1 h6
16.Bh4 Rfe8 17.Qd1 Qb8 18.d5 exd5 19.Nxd5 Nxd5 20.cxd5 Rc7 21.Bg3 Ne5 22.Bb1 Qd8
23.f4 Nd7 24.e4 c4 25.Qd4 b5 26.e5 Rc5 27.Be4 Qb6 28.Kh1 dxe5 29.fxe5 Rxd5
30.Qxb6 Nxb6 31.Bxd5 Bxd5 32.Rcd1 Be6 33.Be1 Na4 34.Bc3 Ra8 35.Rd6 a5 36.Rfd1 Kh7
37.Rd8 Ra7 38.Rb8 b4 39.axb4 axb4 40.Bd4 Rd7 41.Rxb4 Nc5 42.Kg1 Nb3 43.Rxb3 cxb3
44.Kf2 Kg6 45.Ke3 Rc7 46.Bc3 h5 47.Ra1 Rc4 48.Rd1 Kf5 49.Rd4 Rc8 50.Rf4+ Kg6
51.Ra4 Bd5 52.g3 Be6 53.h4 Rd8 54.Rd4 Ra8 55.Rd1 Ra4 56.Rf1 Rg4 57.Kf3 Rc4
58.Ke3 Bf5 59.Kd2 Ra4 60.Re1 Ra8 61.Re3 Rd8+ 62.Ke1 Be6 63.Rf3 Bg4 64.Re3 Rd1+
65.Kf2 Rc1 66.Bd4 Be6 67.Re1 Rc4 68.Be3 Kf5 69.Rc1 Ra4 70.Bd2 Rd4 71.Bc3 Rd3
72.Re1 Kg4 73.Re3 Rd5 74.Kg2 Bf5 75.e6 fxe6 76.Bxg7 Rd2+ 77.Kf1 Bc2 78.Bc3 Rd5
79.Kf2 Rf5+ 80.Ke2 Rc5 81.Kf2 Rf5+ 82.Ke2 Kh3 83.Be5 Kg2 84.Bf4 Rc5 85.Kd2 Rc6
86.Ke1 Ra6 87.Re2+ Kf3 88.Re3+ Kg4 89.Kd2 Rc6 90.Ke1 Rc4 91.Rxe6 Re4+ 92.Rxe4 Bxe4  1/2-1/2

[Event "Eu Team Ch"]
[Site "Batumi GEO"]
[Date "1999.12.07"]
[Round "9"]
[White "Aleksandrov,A"]
[Black "Polgar,Ju"]
[Result "1-0"]
[WhiteElo "2619"]
[BlackElo "2671"]

1.d4 Nf6 2.c4 e6 3.Nc3 Bb4 4.e3 O-O 5.Bd3 d5 6.cxd5 exd5 7.Ne2 Bd6 8.O-O Ng4
9.g3 Re8 10.Nxd5 Bxg3 11.fxg3 Qxd5 12.Qc2 Nxe3 13.Bxe3 Rxe3 14.Nc3 Qxd4 15.Bxh7+ Kh8
16.Kg2 Nc6 17.Rxf7 Be6 18.Rf4 Bh3+ 19.Kh1 Qe5 20.Be4 g5 21.Qf2 Rg8 22.Qxe3 gxf4
23.Qxf4 Qxf4 24.gxf4 Rf8 25.Nd5 Re8 26.Rg1 Rxe4 27.Nf6 Bg2+ 28.Rxg2 Re1+
29.Rg1 Rxg1+ 30.Kxg1 Nb4 31.Kf2 Nd3+ 32.Ke3 Nxb2 33.Kd4 b6 34.Nd5 c5+ 35.Kc3 Na4+
36.Kc4 a6 37.Nc7 b5+ 38.Kd3 Kg7 39.Nxa6 Kf6 40.h4 Kf5 41.h5 b4 42.Kc4 Nc3
43.a3 Nb1 44.a4 Nd2+ 45.Kd3 Nb3 46.Kc2 Nd4+ 47.Kb2 Ne2 48.Nxc5 Nxf4 49.a5 Nd5
50.a6 Nb6 51.a7 Kg5 52.Kb3  1-0

[Event "It"]
[Site "Pamplona ESP"]
[Date "1999.12.28"]
[Round "2"]
[White "Timman,J"]
[Black "Polgar,Ju"]
[Result "1-0"]
[WhiteElo "2650"]
[BlackElo "2671"]

1.e4 c5 2.Nf3 d6 3.c3 Nf6 4.Be2 Bd7 5.Qc2 Bc6 6.d3 Nbd7 7.Nbd2 e6 8.O-O Qc7
9.d4 Be7 10.Bd3 d5 11.e5 Nh5 12.Re1 g5 13.Nf1 c4 14.Be2 h6 15.Be3 Ng7 16.g4 b5
17.Ng3 a5 18.Nd2 b4 19.f4 gxf4 20.Bxf4 a4 21.Rf1 a3 22.b3 cxb3 23.Nxb3 Ba4
24.Rac1 Qb6 25.Bd3 bxc3 26.Qf2 Bxb3 27.Rb1 Nc5 28.Bc2 Qa6 29.Bxb3 Nd3 30.Qe3 Nxf4
31.Qxf4 O-O 32.Qxh6 Qd3 33.Rbd1 Qg6 34.Qxg6 fxg6 35.Ne2 Rac8 36.Rxf8+ Kxf8
37.Bc2 Bg5 38.Rb1 Be3+ 39.Kg2 g5 40.Rb3 Bd2 41.Rxa3 Ne8 42.Rb3 Ra8 43.a3 Ke7
44.Ng1 Nc7 45.Nf3 Ra5 46.Kf1 Bf4 47.Ke2 Ra8 48.Bd3 Kd7 49.Rxc3 Rb8 50.h4 gxh4
51.Nxh4 Rh8 52.Ng6 Rh2+ 53.Kf3 Bh6 54.Kg3 Rh1 55.Bc2 Re1 56.Ba4+ Kd8 57.Rf3 Rc1
58.g5 Rg1+ 59.Kf2 Rxg5 60.Nh8 Kc8 61.Nf7 Rg4 62.Nxh6 Rxd4 63.Bc6 Na6 64.Bb5  1-0

[Event "It"]
[Site "Pamplona ESP"]
[Date "1999.12.29"]
[Round "3"]
[White "Polgar,Ju"]
[Black "Lautier,J"]
[Result "1/2-1/2"]
[WhiteElo "2671"]
[BlackElo "2638"]

1.e4 c5 2.Nf3 Nc6 3.d4 cxd4 4.Nxd4 g6 5.Nc3 Bg7 6.Be3 Nf6 7.Bc4 O-O 8.Bb3 d6
9.h3 Nxd4 10.Bxd4 b5 11.O-O Bb7 12.Qd3 a5 13.Nd5 Nd7 14.a3 Nc5 15.Bxc5 dxc5
16.Qxb5 Ba6 17.Qxc5 Bxf1 18.Nxe7+ Kh8 19.Rxf1 Bd4 20.Qc4 Bxb2 21.Nd5 Qc8  1/2-1/2

[Event "It"]
[Site "Pamplona ESP"]
[Date "1999.12.31"]
[Round "5"]
[White "Vallejo Pons,F"]
[Black "Polgar,Ju"]
[Result "1-0"]
[WhiteElo "2519"]
[BlackElo "2671"]

1.Nf3 Nf6 2.c4 c5 3.Nc3 Nc6 4.d4 cxd4 5.Nxd4 e6 6.a3 a6 7.Bg5 Be7 8.Rc1 Qa5
9.Bh4 g5 10.Nb3 Qf5 11.Bg3 h5 12.e3 g4 13.Bd3 Qg5 14.Na4 e5 15.Nb6 Rb8 16.h4 gxh3
17.Rxh3 h4 18.Nd2 Ng4 19.Nxc8 Rxc8 20.Nf3 Qg7 21.Bf5 Rd8 22.Nxh4 Nxe3 23.fxe3 Bxh4
24.Qf3 Bxg3+ 25.Rxg3 Qh6 26.Rh3 Qg7 27.Rg3 Qh6 28.Rh3 Qg7 29.Rxh8+ Qxh8 30.Ke2 Ke7
31.b4 Qh6 32.Rd1 Qh4 33.Be4 Rg8 34.Qf5 d6 35.c5 Rg5 36.cxd6+ Kf8 37.Rh1 Qxh1
38.Qxg5 Qc1 39.Qf6 Qc4+ 40.Kf2 Kg8 41.Qg5+ Kf8 42.Qh6+ Ke8 43.Bf5 Qa2+ 44.Kg3  1-0

[Event "Frankfurt sim"]
[Site "Frankfurt"]
[Date "1999.??.??"]
[Round "?"]
[White "Polgar, Judit"]
[Black "Paehtz, Elisabeth"]
[Result "1/2-1/2"]
[WhiteElo "2675"]
[BlackElo "2220"]

1.e4 c5 2.Nf3 d6 3.d4 cxd4 4.Nxd4 Nf6 5.Nc3 a6 6.f4 e5 7.Nf3 Nbd7 8.Bd3 Be7
9.O-O b6 10.fxe5 dxe5 11.Nd5 Nxd5 12.exd5 Bb7 13.c4 b5 14.b3 O-O 15.Kh1 Bf6
16.Rb1 Nc5 17.Bc2 bxc4 18.bxc4 Rc8 19.Ba3 Ba8 20.Nd2 Bg5 21.Ne4 Nxe4 22.Bxe4 Re8
23.c5 g6 24.c6 f5 25.Bc2 e4 26.Bb3 Kg7 27.Qd4+ Bf6 28.Qa7+ Rc7 29.Qxa6 Be5
30.Bb2 Bxb2 31.Rxb2 Qf6 32.Qb6 Rxc6 33.dxc6 Qxb2 34.Qa7+ Kh6 35.Qe3+ Kg7
36.c7 Qe5 37.Rc1 Bb7 38.Rc5 f4 39.Qc1 Qd4 40.c8=Q Bxc8 41.Rc7+ Bd7 42.Qxf4 Rf8
43.Qc1 Qd2 44.h3 Qxc1+ 45.Rxc1 Bb5 46.Rc5 e3  1/2-1/2

[Event "Frankfurt sim"]
[Site "Frankfurt"]
[Date "1999.??.??"]
[Round "?"]
[White "Polgar, Judit"]
[Black "Balzer, Lars"]
[Result "1/2-1/2"]
[WhiteElo "2675"]
[BlackElo "2095"]

1.d4 g6 2.e4 Bg7 3.Nc3 c6 4.Nf3 d6 5.Be3 Nf6 6.Qd2 Nbd7 7.O-O-O b5 8.e5 Ng4
9.Bf4 dxe5 10.dxe5 Qb6 11.e6 fxe6 12.Bg3 Bh6 13.Ng5 Ndf6 14.f4 Nh5 15.Be2 Nxg3
16.hxg3 Bxg5 17.Bxg4 Bf6 18.Ne4 Kf7 19.Ng5+ Bxg5 20.fxg5 e5 21.Rdf1+ Kg7
22.Qe2 Qd4 23.Qf3 Qd5 24.Bxc8 Raxc8 25.Qa3 Qe6 26.Qb4 Rhf8 27.Rxf8 Rxf8 28.Qh4 Rh8
29.Qh6+ Kf7 30.Rf1+ Ke8 31.Qg7 Rg8 32.Qxh7 Qxa2 33.Rf3 Qe6 34.Qh1 Rf8 35.Qe1 Rf5
36.Qe3 a5 37.Qb6 a4 38.g4 Rf4 39.Qb8+ Kd7 40.Rd3+ Rd4 41.Qa7+ Ke8 42.Qb8+ Kd7
43.Qa7+  1/2-1/2

[Event "Frankfurt sim"]
[Site "Frankfurt"]
[Date "1999.??.??"]
[Round "?"]
[White "Polgar, Judit"]
[Black "Arbinger, Roland"]
[Result "1/2-1/2"]
[WhiteElo "2675"]
[BlackElo "2036"]

1.e4 d6 2.d4 Nf6 3.Nc3 g6 4.Be3 c6 5.Qd2 Nbd7 6.O-O-O b5 7.e5 dxe5 8.dxe5 Ng4
9.e6 fxe6 10.Qd4 Ngf6 11.Nf3 Qb6 12.Ng5 Qxd4 13.Bxd4 Bh6 14.f4 e5 15.Be3 exf4
16.Bxf4 O-O 17.Be2 Nb6 18.h4 b4 19.Nb1 Nfd5 20.Bd2 a5 21.h5 Rf2 22.Rde1 Rxg2
23.Rhg1 Rh2 24.hxg6 hxg6 25.Nf3 Bxd2+ 26.Nbxd2 Rh6 27.Ne5 Bf5 28.Nxc6 Rc8
29.Nd4 e6 30.Nxf5 exf5 31.Bd3 Kf7 32.Nf3 Nf4 33.Bb5 Kf6 34.Rd1 Nbd5 35.Kb1 Rh3
36.Nd4 Rh2 37.Nc6 g5 38.Nd4 Rc5 39.Bd7 Ne3 40.Rde1 Nxc2 41.Rc1 Rd5 42.Nf3 Rf2
43.Rxc2 Rxc2 44.Kxc2 Rxd7  1/2-1/2

[Event "Corus"]
[Site "Wijk aan Zee NED"]
[Date "2000.01.15"]
[Round "1"]
[White "Polgar,Ju"]
[Black "Van Wely,L"]
[Result "1/2-1/2"]
[WhiteElo "2658"]
[BlackElo "2646"]

1.e4 c5 2.Nf3 d6 3.d4 cxd4 4.Nxd4 Nf6 5.Nc3 a6 6.Be2 e5 7.Nb3 Be7 8.f4 b5
9.Bf3 Bb7 10.fxe5 dxe5 11.Qxd8+ Bxd8 12.Nc5 Bc6 13.a4 Ba5 14.Bd2 Nbd7 15.Nxd7 Kxd7
16.O-O-O Ke6 17.Rhe1 h5 18.h4 Rhc8 19.axb5 axb5 20.Nb1 Bxd2+ 21.Rxd2 b4 22.Re3 g6
23.b3 Nd7 24.c3 Rab8 25.Rc2 Ba8 26.Nd2 bxc3 27.Rexc3 Rxc3 28.Rxc3 Rb4 29.Kc2 Nf6
30.Re3 Ne8 31.Nc4 Nc7 32.g4 Nb5 33.gxh5 Nd4+ 34.Kb2 Nxf3 35.Rxf3 gxh5 36.Rf5 f6
37.Rxh5 Bxe4 38.Rh8 Rb7 39.Re8+ Kd7 40.Rg8 Ke6 41.Re8+ Kd7 42.Rg8 Ke6  1/2-1/2

[Event "Corus"]
[Site "Wijk aan Zee NED"]
[Date "2000.01.19"]
[Round "4"]
[White "Short,N"]
[Black "Polgar,Ju"]
[Result "1-0"]
[WhiteElo "2683"]
[BlackElo "2658"]

1.e4 c5 2.Nf3 d6 3.d4 cxd4 4.Nxd4 Nf6 5.Nc3 a6 6.Be2 e6 7.O-O Be7 8.f4 Nc6
9.Be3 O-O 10.Kh1 Qc7 11.Qe1 Nxd4 12.Bxd4 b5 13.a3 Bb7 14.Qg3 Bc6 15.Rad1 Rad8
16.Rfe1 Ne8 17.Bf3 a5 18.Qf2 Rb8 19.e5 Bxf3 20.gxf3 Qc6 21.Ne4 dxe5 22.fxe5 f5
23.exf6 Bxf6 24.Nxf6+ Nxf6 25.Qg2 Rb7 26.Be5 Rd7 27.Rg1 Rff7 28.Rde1 Nh5
29.Re4 Rf5 30.b3 Rdf7 31.c4 bxc4 32.bxc4 Rxf3 33.Rh4 g6 34.Rxh5 R7f5 35.Rxf5 exf5
36.Re1 h6 37.Bd4 g5 38.Kg1 g4 39.Qe2 g3 40.Qe5  1-0

[Event "Corus"]
[Site "Wijk aan Zee NED"]
[Date "2000.01.20"]
[Round "5"]
[White "Polgar,Ju"]
[Black "Anand,V"]
[Result "1/2-1/2"]
[WhiteElo "2658"]
[BlackElo "2769"]

1.e4 c5 2.Nf3 d6 3.d4 cxd4 4.Nxd4 Nf6 5.Nc3 Nc6 6.Bg5 e6 7.Qd2 Be7 8.O-O-O O-O
9.f4 Nxd4 10.Qxd4 Qa5 11.Bc4 Bd7 12.Rhe1 Bc6 13.Bb3 Rfe8 14.e5 dxe5 15.Qxe5 Qxe5
16.fxe5 Nd7 17.Bxe7 Rxe7 18.g3 Rc8 19.Re3 Nf8 20.Ne2 Rec7 21.Nd4 Bd7 22.c3 Ng6
23.h4 Rc5 24.Rde1 Ne7 25.Rd1 Ng6 26.Rde1 Ne7 27.Rd1 Ng6  1/2-1/2

[Event "Corus"]
[Site "Wijk aan Zee NED"]
[Date "2000.01.23"]
[Round "7"]
[White "Polgar,Ju"]
[Black "Timman,J"]
[Result "1/2-1/2"]
[WhiteElo "2658"]
[BlackElo "2655"]

1.e4 c5 2.Nf3 d6 3.d4 cxd4 4.Nxd4 Nf6 5.Nc3 Nc6 6.Bc4 Qb6 7.Nb3 e6 8.Bf4 Ne5
9.Be2 Bd7 10.O-O Be7 11.a4 O-O 12.a5 Qc7 13.a6 Rfb8 14.axb7 Rxb7 15.Be3 Rb4
16.f3 a5 17.Ra2 a4 18.Nd4 Nc4 19.Bxc4 Qxc4 20.Qa1 Rc8 21.Rd1 e5 22.Nde2 Bc6
23.Nc1 Bd7 24.Nd3 Rbb8 25.Rd2 Ra8 26.Ra3 h6 27.Ra2 Bd8 28.Ra3 Ba5 29.Rf2 Bd8
30.Rd2 Ba5 31.Rf2 Bd8  1/2-1/2

[Event "Corus"]
[Site "Wijk aan Zee NED"]
[Date "2000.01.27"]
[Round "10"]
[White "Kramnik,V"]
[Black "Polgar,Ju"]
[Result "1/2-1/2"]
[WhiteElo "2758"]
[BlackElo "2658"]

1.d4 Nf6 2.c4 e6 3.Nf3 b6 4.g3 Ba6 5.b3 Bb4+ 6.Bd2 Be7 7.Bg2 c6 8.Bc3 d5
9.Nbd2 Nbd7 10.O-O O-O 11.Re1 c5 12.e4 dxe4 13.Nxe4 Bb7 14.Ned2 Re8 15.Qe2 Qc7
16.Rad1 Rad8 17.dxc5 Bxc5 18.Ng5 Bxg2 19.Kxg2 h6 20.Nge4 Be7 21.f4 Nxe4 22.Nxe4 f5
23.Nf2 Bf6 24.Bxf6 Nxf6 25.Rxd8 Qxd8 26.Rd1 Qc7 27.Qe5 Qb7+ 28.Kg1 Kf7 29.Rd6 Qf3
30.Qe1 Qb7 31.Qe5  1/2-1/2

[Event "Corus"]
[Site "Wijk aan Zee NED"]
[Date "2000.01.29"]
[Round "12"]
[White "Polgar,Ju"]
[Black "Korchnoi,V"]
[Result "1/2-1/2"]
[WhiteElo "2658"]
[BlackElo "2659"]

1.e4 e6 2.d4 d5 3.Nc3 Nf6 4.Bg5 Bb4 5.e5 h6 6.Bd2 Bxc3 7.bxc3 Ne4 8.Qg4 Kf8
9.Bd3 Nxd2 10.Kxd2 c5 11.h4 Nc6 12.Nf3 c4 13.Be2 b5 14.a3 Bd7 15.Qf4 Ke7
16.h5 Be8 17.Nh4 a5 18.Qg3 Rg8 19.Qe3 Bd7 20.f4 b4 21.Rhb1 bxc3+ 22.Qxc3 Qc7
23.g4 Rgb8 24.f5 Qa7 25.f6+ gxf6 26.exf6+ Kxf6 27.Rf1+ Ke7 28.Rf4 a4 29.Bxc4 dxc4
30.d5 Qa5 31.dxc6 Bxc6 32.Qxa5 Rxa5 33.Re1 Bd5 34.Kc3 Kf8 35.Ref1 Rb7 36.Ng6+ Kg8
37.Ne5 Bg2 38.Re1 Rc7 39.Kb4 Ra8 40.Rxc4 Rb8+ 41.Kc3 Rxc4+ 42.Nxc4 Kg7 43.Ne3 Bc6
44.Rf1 Rb5 45.Rf4 Re5 46.Kd3 Ra5 47.Kd2 Rc5 48.Kd3  1/2-1/2

[Event "Israeli League"]
[Site "Ramat Aviv ISR"]
[Date "2000.03.10"]
[Round "5"]
[White "Polgar,Ju"]
[Black "Tsesarsky,I"]
[Result "1/2-1/2"]
[WhiteElo "2658"]
[BlackElo "2458"]

1.e4 c5 2.Nf3 Nc6 3.Bb5 e6 4.O-O Nge7 5.b3 Ng6 6.Bb2 f6 7.Re1 Qc7 8.Bxc6 bxc6
9.d3 d6 10.Nbd2 Be7 11.Nc4 O-O 12.Bc3 e5 13.Ba5 Qb7 14.Bd2 f5 15.Bg5 Be6
16.Na5 Qd7 17.Bxe7 Qxe7 18.b4 cxb4 19.Nxc6 Qb7 20.Na5 Qb6 21.Ng5 Nf4 22.Nxe6 Nxe6
23.Nc4 Qc5 24.exf5 Rxf5 25.Ne3 Rf4 26.f3 Nd4 27.a3 Nf5 28.axb4 Rxb4 29.c3 Rb2
30.d4 Nxe3 31.dxc5 Nxd1 32.Raxd1 dxc5 33.Rxe5 a5 34.Rd7 a4 35.Ree7 a3 36.Rxg7+ Kh8
37.Rxh7+ Kg8 38.Rhg7+ Kh8 39.Rh7+ Kg8 40.Rdg7+ Kf8 41.Rb7 Kg8 42.Rbg7+  1/2-1/2

[Event "Japfa Classic"]
[Site "Bali INA"]
[Date "2000.04.22"]
[Round "1"]
[White "Polgar,Ju"]
[Black "Ehlvest,J"]
[Result "1/2-1/2"]
[WhiteElo "2658"]
[BlackElo "2622"]

1.e4 g6 2.d4 d6 3.Nc3 c6 4.Nf3 Bg7 5.Be3 Nf6 6.Qd2 b5 7.Bd3 Bg4 8.e5 b4 9.exf6 bxc3
10.bxc3 exf6 11.Qe2 O-O 12.h3 Qa5 13.O-O Bxf3 14.Qxf3 Qxc3 15.Qf4 Nd7 16.Rab1 Rfd8
17.Bd2 Qa3 18.Bb4 Qa4 19.Bxd6 Ne5 20.Rb4 Qa5 21.dxe5 fxe5 22.Bxe5 Bxe5 23.Qe4 Re8
24.Qc4  1/2-1/2

[Event "Japfa Classic"]
[Site "Bali INA"]
[Date "2000.04.25"]
[Round "4"]
[White "Polgar,Ju"]
[Black "Karpov,An"]
[Result "1/2-1/2"]
[WhiteElo "2658"]
[BlackElo "2696"]

1.e4 c6 2.d4 d5 3.Nc3 dxe4 4.Nxe4 Nd7 5.Ng5 Ngf6 6.Bd3 e6 7.N1f3 Bd6 8.Qe2 h6
9.Ne4 Nxe4 10.Qxe4 Qc7 11.Qg4 Kf8 12.Nd2 e5 13.Nc4 Nb6 14.Qh4 Nxc4 15.Bxc4 Bf5
16.dxe5 Bxe5 17.O-O Bxc2 18.Re1 Bg6 19.f4 Bd4+ 20.Be3 Qb6 21.Qf2 Bxe3 22.Rxe3 Re8
23.Rae1 Rxe3 24.Rxe3 Bf5 25.Kf1 Qd8 26.Qe1 b6 27.Qb4+ c5 28.Qa4 g5 29.fxg5 hxg5
30.Qxa7 Bg6 31.h3 Kg7 32.Qe7 Qd4 33.Qe5+ Qxe5 34.Rxe5 Rh4 35.b3 g4 36.hxg4 Rxg4
37.Re7 Rf4+ 38.Kg1 Rf6 39.a4 Bf5 40.a5  1/2-1/2

[Event "Japfa Classic"]
[Site "Bali INA"]
[Date "2000.04.29"]
[Round "7"]
[White "Gunawan,Ru"]
[Black "Polgar,Ju"]
[Result "1/2-1/2"]
[WhiteElo "2507"]
[BlackElo "2658"]

1.e4 c5 2.Nf3 d6 3.d4 cxd4 4.Nxd4 Nf6 5.Nc3 a6 6.f3 e6 7.Be3 b5 8.g4 Bb7
9.Qd2 Nfd7 10.O-O-O Nb6 11.Bg5 Be7 12.Bxe7 Qxe7 13.Nb3 Nc8 14.h4 Nd7 15.g5 O-O
16.Kb1 Ra7 17.Nd4 Ncb6 18.Ndxb5 axb5 19.Nxb5 Raa8 20.Qxd6 Qxd6 21.Rxd6 Rad8
22.Be2 Nc8 23.Rdd1 Ba6 24.a4 Nc5 25.b3 e5 26.Kb2 Ne7 27.Bc4 Nc6 28.Bd5 Bxb5
29.axb5 Nd4 30.f4 Nxb5 31.fxe5 Rb8 32.h5 Nc7 33.g6 hxg6 34.hxg6 N7e6 35.gxf7+ Kxf7
36.Ra1 Rfd8 37.Rh3 Ke7 38.Rg1 Rf8 39.Rg6 Rf2 40.Kc3 Rc8 41.Kb2 Rb8 42.Rhg3 Rh2
43.Kc3 Rc8 44.Kb2 Rb8 45.Kc3 Rc8 46.Kb2  1/2-1/2

[Event "HUNGExpo Blitz"]
[Site "Internet KC"]
[Date "2000.05.13"]
[Round "1"]
[White "Polgar,Ju"]
[Black "Kasparov,G"]
[Result "1/2-1/2"]
[WhiteElo "2658"]
[BlackElo "2851"]

1.e4 e5 2.Nf3 Nc6 3.Bb5 a6 4.Ba4 Nf6 5.O-O Be7 6.Re1 b5 7.Bb3 d6 8.c3 O-O
9.h3 Nb8 10.d4 Nbd7 11.Nbd2 Bb7 12.a4 c5 13.d5 c4 14.Bc2 Nc5 15.Nf1 Qc7 16.Ng3 Rfb8
17.Nf5 Bf8 18.Qe2 Bc8 19.g4 Bd7 20.axb5 axb5 21.Bg5 Ne8 22.Nd2 Ra7 23.Be3 Rba8
24.Rxa7 Rxa7 25.f4 Ra2 26.Rb1 g6 27.Nh4 exf4 28.Bxf4 Bg7 29.Nhf3 Bxc3 30.Nxc4 Bg7
31.Ne3 Rxb2 32.Rxb2 Bxb2 33.Nd1 Bg7 34.e5 dxe5 35.Nxe5 Qa7 36.Qe3 Nf6 37.Nc6 Nxd5
38.Nxa7 Nxe3 39.Bxe3 Ne6 40.Bb3 Nd4 41.Bd5 b4 42.Kf1 h5 43.gxh5 Bxh3+ 44.Kf2 gxh5
45.Kg3 Be6 46.Bxe6 fxe6 47.Bxd4 Bxd4 48.Nc6 e5 49.Nxb4  1/2-1/2

[Event "It"]
[Site "Merida MEX"]
[Date "2000.06.19"]
[Round "6"]
[White "Hernandez,Gi"]
[Black "Polgar,Ju"]
[Result "1/2-1/2"]
[WhiteElo "2560"]
[BlackElo "2658"]

1.e4 c5 2.Nf3 d6 3.d4 cxd4 4.Nxd4 Nf6 5.Nc3 a6 6.Be2 e5 7.Nb3 Be7 8.O-O O-O
9.Kh1 b6 10.f3 Bb7 11.a4 Nc6 12.Bg5 Rc8 13.Bxf6 Bxf6 14.Nd5 Bg5 15.Nd2 Nd4
16.Bd3 Ne6 17.Nc4 Bxd5  1/2-1/2

[Event "Super Final"]
[Site "Buenos Aires ARG"]
[Date "2000.09.18"]
[Round "1"]
[White "Polgar,Ju"]
[Black "Leitao,R"]
[Result "1-0"]
[WhiteElo "2656"]
[BlackElo "2567"]

1.e4 c5 2.Nf3 d6 3.d4 cxd4 4.Nxd4 Nf6 5.Nc3 a6 6.Be3 Ng4 7.Bg5 h6 8.Bh4 g5
9.Bg3 Bg7 10.Be2 h5 11.Bxg4 hxg4 12.Nd5 Nc6 13.Nf5 Bxf5 14.exf5 Bxb2 15.Rb1 Qa5+
16.Qd2 Bd4 17.Qxa5 Nxa5 18.O-O Kd7 19.Rb4 Ba7 20.Re1 Rhe8 21.Rxg4 Rac8 22.Rge4 Nc6
23.c3 f6 24.Re6 Ne5 25.Rb1 b5 26.Rd1 Rc4 27.h3 Bc5 28.Bxe5 fxe5 29.Rg6 Rf8
30.Rxg5 Rf7 31.g4 a5 32.Rg6 b4 33.cxb4 axb4 34.Rd2 Bd4 35.h4 Kc6 36.Ne3 Rc3
37.Re2 Kc5 38.h5 e4 39.Kg2 d5 40.h6 Ra3 41.Rg8  1-0

[Event "Super Final"]
[Site "Buenos Aires ARG"]
[Date "2000.09.21"]
[Round "4"]
[White "Karpov,An"]
[Black "Polgar,Ju"]
[Result "1/2-1/2"]
[WhiteElo "2699"]
[BlackElo "2656"]

1.d4 Nf6 2.c4 e6 3.Nf3 b6 4.g3 Ba6 5.b3 Bb4+ 6.Bd2 Be7 7.Bg2 c6 8.Bc3 d5
9.Ne5 Nfd7 10.Nxd7 Nxd7 11.Nd2 O-O 12.O-O Nf6 13.e4 b5 14.Re1 dxe4 15.Qc2 Rc8
16.Rad1 Nd5 17.Bb2 f5 18.cxd5 cxd5 19.Qb1 b4 20.Nf1 Qb6 21.f3 Bf6 22.Ne3 Rc3
23.Bxc3 bxc3 24.Nc2 e5 25.Ne3 exd4 26.Nxd5 Qc5 27.Nxf6+ Rxf6 28.b4 Qc4 29.Qb3 d3
30.Qxc4+ Bxc4 31.Bf1 Rc6 32.fxe4 d2 33.b5 Rc5 34.Bxc4+ Rxc4 35.exf5 dxe1=Q+
36.Rxe1 Kf7 37.Rc1 Kf6 38.Kf2 Ra4 39.Rc2 Ra5 40.Ke3 Kxf5  1/2-1/2

[Event "Super Final"]
[Site "Buenos Aires ARG"]
[Date "2000.09.26"]
[Round "8"]
[White "Pierrot,F"]
[Black "Polgar,Ju"]
[Result "1/2-1/2"]
[WhiteElo "2423"]
[BlackElo "2656"]

1.e4 c5 2.c3 Nf6 3.e5 Nd5 4.Nf3 e6 5.Bc4 Nb6 6.Bb3 d6 7.exd6 Bxd6 8.d4 Qc7
9.Nbd2 N8d7 10.Ne4 Be7 11.dxc5 Nxc5 12.Nxc5 Bxc5 13.Qe2 O-O 14.O-O Bd7 15.Ne5 Ba4
16.Bxa4 Nxa4 17.Bf4 Rfd8 18.Rad1 Nb6 19.Bg3 Qe7 20.Rxd8+ Rxd8 21.Rd1 Rxd1+
22.Qxd1 f6 23.Nd3 Qd7 24.Qe2 Be7 25.f3 Nd5 26.Bf2 b5 27.Qe4 a6 28.c4 f5 29.Qe2 bxc4
30.Ne5 Qa4 31.Qxc4 Qd1+ 32.Qf1 Qc2 33.Qxa6 Qb1+ 34.Qf1 Qxb2 35.Qe1 Nf4 36.Nd3 Nxd3
37.Qxe6+ Kf8 38.Qxf5+ Bf6 39.Qxd3 Qa1+ 40.Qf1 Qxa2 41.Qd1 Qa1 42.Qxa1 Bxa1
43.Bc5+ Kf7 44.Kf2 Be5 45.g3 g6 46.f4 Bc7 47.Kf3 h5 48.Ke4 Ke6 49.h3 Ba5
50.g4  1/2-1/2

[Event "34th Olympiad"]
[Site "Istanbul TUR"]
[Date "2000.10.31"]
[Round "4"]
[White "Dautov,R"]
[Black "Polgar,Ju"]
[Result "1-0"]
[WhiteElo "2606"]
[BlackElo "2656"]

1.d4 Nf6 2.c4 e6 3.Nf3 b6 4.g3 Ba6 5.Qa4 Bb7 6.Bg2 c5 7.dxc5 Bxc5 8.O-O O-O
9.Nc3 Ne4 10.Qc2 Nxc3 11.Qxc3 d5 12.Rd1 Nd7 13.Bg5 Qe8 14.cxd5 Bxd5 15.b4 Be7
16.Bxe7 Qxe7 17.Rac1 Rfd8 18.Nd4 Nf6 19.b5 Bxg2 20.Kxg2 Rd5 21.Nc6 Qd7 22.Qc2 Qb7
23.a4 h6 24.e4 Rc5 25.Qd3 Rxc1 26.Rxc1 a6 27.Rc4 axb5 28.axb5 Qc7 29.Rd4 e5
30.Rc4 Qd7 31.Nxe5 Qe6 32.Nc6 Ra2 33.e5 Qd5+ 34.Qxd5 Nxd5 35.Rd4 Nc3 36.Rd8+ Kh7
37.Rd7 Nxb5 38.Rxf7 Rc2 39.Nb4 Re2 40.Nd3 Na3 41.Kf3 Rc2 42.e6 Rc8 43.Ke4 Re8
44.Kd5 b5 45.Rb7 Nc2 46.e7 Kg6 47.Ke6  1-0

[Event "34th Olympiad"]
[Site "Istanbul TUR"]
[Date "2000.11.07"]
[Round "10"]
[White "Shabalov,A"]
[Black "Polgar,Ju"]
[Result "1/2-1/2"]
[WhiteElo "2601"]
[BlackElo "2656"]

1.e4 c5 2.Nf3 e6 3.d4 cxd4 4.Nxd4 a6 5.Bd3 Bc5 6.Nb3 Be7 7.O-O Qc7 8.c4 Nf6
9.Nc3 d6 10.f4 Nc6 11.Be3 Nd7 12.Rc1 Nc5 13.Nxc5 dxc5 14.e5 b6 15.Be4 Bb7
16.f5 Nxe5 17.fxe6 Bxe4 18.exf7+ Nxf7 19.Nxe4 O-O 20.Bf4 Qc6 21.Nc3 Bf6 22.Nd5 Rae8
23.b3 Bb2 24.Rb1 Bd4+ 25.Kh1 Nd6 26.Bxd6 Qxd6 27.Qd3 b5 28.Rxf8+ Rxf8 29.Re1 bxc4
30.bxc4 Qd7 31.h3 Qf7 32.Ne7+ Kh8 33.Nf5  1/2-1/2

[Event "34th Olympiad"]
[Site "Istanbul TUR"]
[Date "2000.11.12"]
[Round "14"]
[White "Polgar,Ju"]
[Black "Pavasovic,D"]
[Result "1/2-1/2"]
[WhiteElo "2656"]
[BlackElo "2523"]

1.e4 e5 2.Nf3 Nf6 3.Nxe5 d6 4.Nf3 Nxe4 5.d4 d5 6.Bd3 Nc6 7.O-O Be7 8.c4 Nb4
9.Be2 O-O 10.Nc3 Bf5 11.Ne5 c5 12.a3 cxd4 13.Nxe4 dxe4 14.axb4 f6 15.Nf3 d3
16.Bxd3 Qxd3 17.Qxd3 exd3 18.Bd2 Rfc8 19.b3 Bg6 20.Rfe1 Bf8 21.Nd4 a6 22.Kf1 Bd6
23.Ra5 Re8 24.Rxe8+ Rxe8 25.Rd5 Be5 26.Nf3 Be4 27.Rd7 Rf8 28.Nxe5 fxe5 29.Re7 Bc6
30.Rxe5 Re8 31.Rxe8+ Bxe8 32.f3 Kf7 33.Kf2 Ke6 34.Ke3 g5 35.Kxd3 Kf5 36.Kd4 g4
37.fxg4+ Kxg4 38.Ke3 Bc6 39.Kf2 h5 40.h3+  1/2-1/2

[Event "Keres Mem Rapid"]
[Site "Tallinn EST"]
[Date "2001.01.06"]
[Round "1"]
[White "Polgar,Ju"]
[Black "Svidler,P"]
[Result "1/2-1/2"]
[WhiteElo "2656"]
[BlackElo "2689"]

1.e4 c5 2.Nf3 d6 3.d4 cxd4 4.Nxd4 Nf6 5.Nc3 a6 6.f3 e6 7.Be3 b5 8.g4 Nfd7
9.Qd2 Nb6 10.Qf2 N8d7 11.a4 bxa4 12.Nxa4 Nxa4 13.Rxa4 Bb7 14.Nb3 Be7 15.h4 a5
16.h5 O-O 17.h6 g6 18.Qd2 d5 19.Be2 Qc7 20.Rxa5 dxe4 21.f4 Bf6 22.Rxa8 Rxa8
23.O-O Bxb2 24.Rd1 Nf6 25.Nc5 Nd5 26.Nxe4 Nxe3 27.Qxe3 Rd8 28.Rxd8+ Qxd8
29.Kf1 Qd4 30.Qxd4 Bxd4 31.Bf3 Ba6+ 32.Kg2 f5 33.Ng5 Bc4 34.Kg3 e5 35.gxf5 gxf5
36.fxe5 Bxe5+ 37.Kh4 Bf6 38.Kh5 Bf7+  1/2-1/2